00954nam a2200253 a 450000100060000000300080000600500170001400800410003102000150007203500190008704000230010604100080012908200260013710000250016324500900018826000660027830000340034450000200037865000680039885600450046694200120051199900170052395201600054050353BD-RjUL20211209075509.0160824s1988 enka b 001 0 eng  a0521353092 a(BD-RjUL)50473 aDLCcDLCdDLCbeng aeng00a428.007223bNUL 199910aNunan, David913345114aThe learner-centred curriculum :ba study in second language teaching /cDavid Nunan. aNew York :bCambridge University Press,c1988 [printing 1999] axii, 196 p. :bill. ;c24 cm. aIncludes index. 0aEnglish languagexStudy and teachingxForeign speakers.9118368423The Cambridge applied linguistics series 2ddccBK c50353d50353 00102ddc40708NFICaRUCLbRUCLcStackd2000-07-31eDhaka paragon enterprises ltd.g812.00l0o428.007 NUL 1999r2016-08-24 00:00:00tC-2w2016-08-24yBK